Włoskie Regiony i ich Stolice na Mapie - Statystyki

Ogólne statystyki
  • Ten quiz został rozwiązany 80 razy
  • Średni wynik to 24 z 40
Odpowiedzi na mapie
Odpowiedzi zakodowano w zielono-czerwonej skali na mapie do tego quizu, zgodnie z poniższymi procentami.
 
Statystyki odpowiedzi
odp % Poprawnych
Mediolan
100%
Neapol
100%
Rzym
100%
Turyn
100%
Sycylia
96%
Wenecja
92%
Bari
88%
Palermo
88%
Sardynia
88%
Florencja
83%
Genua
79%
Toskania
79%
Cagliari
67%
Lombardia
67%
Bolonia
63%
Lacjum
63%
Umbria
63%
Liguria
58%
Piemont
58%
Emilia-Romania
54%
Kalabria
54%
Triest
54%
Apulia
50%
Kampania
50%
Trydent
50%
Dolina Aosty
46%
Ankona
42%
Perugia
42%
Aosta
38%
Marche
38%
Molise
38%
Wenecja Euganejska
38%
Abruzja
33%
Basilicata
33%
Catanzaro
33%
Friuli-Wenecja Julijska
33%
Trydent-Górna Adyga
33%
Campobasso
25%
Potenza
21%
L'Aquila
17%
Nie znaleziono quizów pasujących do podanych kryteriów
Rozkład punktacji
Procent ludzi z każdym wynikiem
Percentyl według liczby udzielonych odpowiedzi
Twoja historia wyników
Nie rozwiązałeś tego quizu